000 00749cab a2200241 4500
001 WB3224-48
008 090401t1996 xxu||||| |||| 00| 0 eng d
035 _a(Sirsi) u34405
041 _aeng
245 _aLabour proposes local road charges
260 _c1996
350 _a0
490 _aFinancial Times
_v21 June 1996, 8(1)
520 _a"Consensus for change: Labour transport strategy for the 21st Century" outlines the Labour Party`s transport policy including the introduction of local road charges.
650 _aInfrastructure
_96246
650 _aLABOUR PARTY
650 _aPUBLIC TRANSPOR
650 _aROAD CHARGES
650 _aTOLL ROADS
690 _aTRANSPORT AND COMMUNICATIONS
942 _n0
948 _c04/03/1997
999 _c22794
_d22794